000 00380nam a22001217a 4500
040 _cSK
082 _a338
100 _aគុំ សារ៉ូន
245 _aគោលនយោបាយ និងយុទ្ធសាស្រ្តក្នុងការអភិវឌ្ឍវិស័យកសិកម្ម
260 _aRUA
_bKOM
_c2012
300 _a32p.
942 _cKB
999 _c9446
_d9446